| 000 | 00613nam a22001937a 4500 | ||
|---|---|---|---|
| 999 |
_c187311 _d187311 |
||
| 005 | 20220412132100.0 | ||
| 010 | _aENG-132280 | ||
| 020 |
_c699.00 _a9788194954750 |
||
| 035 | _aEN-115812 | ||
| 037 | _bDBAD/PUB | ||
| 082 | _a355.0092 | ||
| 100 | _aBrigadier Jasbir | ||
| 245 |
_aThe Fighting Fourth: _bA Personal Narrative of the History of 4 Kumaon/ |
||
| 250 | _aFirst Edition | ||
| 260 |
_aNoida _bBluOne India LLP _c2021 |
||
| 270 |
_a306 Tower-1, Assotech Business Cresterra, Plot No-22, Sector-135,Noida _bNoida |
||
| 300 |
_a204p. _c23.5cm.(hbk) |
||
| 942 |
_2ddc _cEN _mJAS _h355.0092 |
||